000 01012nam a2200229Ia 4500
999 _c37429
_d37429
001 3388
003 GE_BSU
005 20190607211522.0
008 181216s1955|||| |||||||||||||| ||geo||
040 _cGE_BSU
041 _ageo
080 _a621.1(075.8) ტ–29
100 _aტარეევი, ვ.მ.
_92307
245 _aთბოტექნიკა : სახელმძღ. /
_cვ.მ. ტარეევი ; გ.ა.მატვეევი ; ს.ნ გრიგორიევი ; რედ : შ.პ. ლომინაძე.
264 _aთბილისი :
_bსაქ. სას.–სამ. ინ–ტი,
_c1955.
300 _a807გვ.:
_bილ.
_c27 სმ.
_eნახაზ;დანართ.
653 _aთბოტექნიკა
700 _aმატვეევი,გ.ა.
_92308
700 _aგრიგორიევი,ს.ნ.
_92309
700 _aლომინაძე, შ.პ
_eრედაქტორი
_92281
942 _cBK
_2udc